000 00751nam a2200205 ar4500
001 2493
005 20221127090448.0
008 110312s xxk a | 00010 eng d
020 _a9780582825178 :
_cSR50.00
082 0 4 _a428.2407
_bC917 2005
100 1 _aCunningham, Sarah.
245 1 0 _aNew cutting edge.
_pIntermediate.
_pStudent's book /
_cS. Cunningham, Peter Moor.
260 _aHarlow, England :
_bPearson/Longman,
_c2005.
300 _a175 p. :
_bcol. ill. ;
_c30 cm.
_e6CDs.
500 _aAccompanied : Mini-dictionary in pocket inside back cover.
650 4 _aEnglish language
_xStudy and teaching.
650 4 _aEnglish language
_vTextbooks for foreign speakers.
650 4 _aEnglish language
_vTextbooks.
700 0 _aMoor, Peter,
_ejt. auth.
999 _c2491
_d2491